000 00330nam a22001337a 4500
008 171030b xxu||||| |||| 00| 0 eng d
020 _a9780135915127
041 _aeng
080 _a336
100 _a56
101 _aFIN
245 _aFUZZY LOGIC & NEUROFUZZY APPLICATIONS IN BUSINESS & FINANCE
_cALTROCK,C.V
942 _2udc
_cBK
999 _c36365
_d36365